000 00368pab a2200145 454500
008 180718b1997 xxu||||| |||| 00| 0 eng d
100 _aVanston, Nicholas
245 _aHow regulatory change affects the economy
260 _c1997
300 _ap.10-13
362 _aJun-Jul
650 _aEconomic and social development
773 _aOECD Observer
909 _a34017
999 _c34017
_d34017